000
00370nam a2200145Ia 4500
008
231129s1982||||xx |||||||||||||| ||spa||
020
_a
950-06-1324-7
040
_b
spa
082
_a
612.64 L285e
100
_a
Langman Jan
245
0
_a
Embriologia medica
260
_c
1982
264
_a
Medica Panamericana
942
_2
ddc
_c
BKS
999
_c
12803
_d
12803